Normal view
MARC view
Entry Personal Name
001 - CONTROL NUMBER
- control field: 28099
003 - CONTROL NUMBER IDENTIFIER
- control field: dpl
005 - DATE AND TIME OF LATEST TRANSACTION
- control field: 20110513151054.0
008 - FIXED-LENGTH DATA ELEMENTS
- fixed length control field: 110513|||a|||||| | ||| d
040 ## - CATALOGING SOURCE
- Original cataloging agency: dpl
- Transcribing agency: dpl
100 ## - HEADING--PERSONAL NAME
- Personal name: फ़ैज़ अहमद 'फ़ैज़'
670 ## - SOURCE DATA FOUND
- Source citation: Work cat.: (dpl)51984: फ़ैज़ अहमद 'फ़ैज़', सारे सुख़न हमारे /, 2009
670 ## - SOURCE DATA FOUND
- Source citation: Work cat.: (dpl)51984: फ़ैज़ अहमद 'फ़ैज़', सारे सुख़न हमारे /, 2009
